[Event "Titled Tuesday intern op 12th Sep Late"]
[Site "Chess.com INT"]
[Date "2023.09.12"]
[Round "5"]
[White "Brilej, Jaka"]
[Black "Trifan, Andrei Ioan"]
[Result "0-1"]
[WhiteElo "2306"]
[BlackElo "2302"]
[PlyCount "102"]
[EventDate "2023.09.12"]
[EventType "swiss (blitz)"]
[EventRounds "11"]
[EventCountry "USA"]
[SourceTitle "EXT 2024"]
[Source "ChessBase"]
[SourceDate "2023.10.10"]
[SourceVersion "1"]
[SourceVersionDate "2023.10.10"]
[SourceQuality "1"]

1. d4 Nf6 2. Bg5 d5 3. Bxf6 exf6 4. e3 g6 5. g3 Bg7 6. Bg2 0-0 7. Ne2 c6 8. 0-0 Nd7 9. Nd2 f5 10. c4 Nf6 11. Qb3 dxc4 12. Nxc4 Be6 13. Qc2 Rc8 14. Qd3 Bd5 15. Rfd1 Re8 16. Nf4 Bxg2 17. Kxg2 Nd5 18. Ne2 Nf6 19. Rac1 Qd5+ 20. Kg1 Rcd8 21. Nf4 Qf3 22. Na5 Re7 23. Qe2 Qe4 24. Qc2 Qf3 25. Qe2 Qxe2 26. Nxe2 Ne4 27. Nf4 h5 28. h4 Bh6 29. Ng2 Red7 30. Nb3 Bf8 31. Nf4 c5 32. Kg2 b6 33. f3 Nf6 34. Kf2 a5 35. a4 cxd4 36. Rxd4 Rxd4 37. Nxd4 Bc5 38. Nfe2 Nd5 39. b3 Re8 40. Nf4 Nxe3 41. Nfe2 Nd5 42. Kf1 Ne3+ 43. Kf2 Nd5 44. Kf1 Nb4 45. Rd1 Re3 46. Kf2 Rxb3 47. Rc1 Nd3+ 48. Kf1 Nxc1 49. Nxc1 Rb1 50. Ndb3 Be3 51. Ke2 Bxc1 0-1

[Event "Titled Tuesday intern op 12th Sep Early"]
[Site "Chess.com INT"]
[Date "2023.09.12"]
[Round "2"]
[White "Goswami, Vedant"]
[Black "Trifan, Andrei Ioan"]
[Result "1/2-1/2"]
[WhiteElo "2034"]
[BlackElo "2302"]
[PlyCount "75"]
[EventDate "2023.09.12"]
[EventType "swiss (blitz)"]
[EventRounds "11"]
[EventCountry "USA"]
[SourceTitle "EXT 2024"]
[Source "ChessBase"]
[SourceDate "2023.10.10"]
[SourceVersion "1"]
[SourceVersionDate "2023.10.10"]
[SourceQuality "1"]

1. b3 Nf6 2. Bb2 e6 3. Nf3 Be7 4. d3 d5 5. Nbd2 0-0 6. g3 b6 7. Bg2 Bb7 8. 0-0 a5 9. a3 Re8 10. c4 h6 11. Ra2 Nbd7 12. Qa1 Bf8 13. Rc1 c5 14. Ne5 Qc7 15. Ndf3 d4 16. Nxd7 Nxd7 17. Re1 e5 18. e4 a4 19. bxa4 Bc6 20. Bc1 Rxa4 21. Nh4 g6 22. Bd2 Rea8 23. Qc1 Kh7 24. f4 Qa7 25. f5 Rxa3 26. fxg6+ fxg6 27. Rxa3 Qxa3 28. Qb1 Qa2 29. Qd1 Qb2 30. Nxg6 Ra2 31. Qh5 Qxd2 32. Nxf8+ Nxf8 33. Qf7+ Kh8 34. Qxf8+ Kh7 35. Qf7+ Kh8 36. Qf8+ Kh7 37. Qf7+ Kh8 38. Qf8+ 1/2-1/2

[Event "Titled Tuesday intern op 12th Sep Early"]
[Site "Chess.com INT"]
[Date "2023.09.12"]
[Round "4"]
[White "Lesbekova, Asel"]
[Black "Trifan, Andrei Ioan"]
[Result "0-1"]
[WhiteElo "1805"]
[BlackElo "2302"]
[PlyCount "34"]
[EventDate "2023.09.12"]
[EventType "swiss (blitz)"]
[EventRounds "11"]
[EventCountry "USA"]
[SourceTitle "EXT 2024"]
[Source "ChessBase"]
[SourceDate "2023.10.10"]
[SourceVersion "1"]
[SourceVersionDate "2023.10.10"]
[SourceQuality "1"]

1. e4 d6 2. d4 Nf6 3. Nc3 g6 4. Bg5 Bg7 5. e5 Ng8 6. f4 c6 7. exd6 Qxd6 8. Nce2 Nh6 9. c3 0-0 10. Qb3 Nd7 11. 0-0-0 Nb6 12. Nf3 Be6 13. Qc2 Nf5 14. Qb1 Ne3 15. Re1 Bf5 16. Qa1 Nc2 17. Qb1 Nxe1 0-1

[Event "Titled Tuesday intern op 12th Sep Late"]
[Site "Chess.com INT"]
[Date "2023.09.12"]
[Round "9"]
[White "Yanchenko, Roman"]
[Black "Trifan, Andrei Ioan"]
[Result "1-0"]
[WhiteElo "2466"]
[BlackElo "2302"]
[PlyCount "89"]
[EventDate "2023.09.12"]
[EventType "swiss (blitz)"]
[EventRounds "11"]
[EventCountry "USA"]
[SourceTitle "EXT 2024"]
[Source "ChessBase"]
[SourceDate "2023.10.10"]
[SourceVersion "1"]
[SourceVersionDate "2023.10.10"]
[SourceQuality "1"]

1. d4 Nf6 2. Nf3 e6 3. Bf4 b6 4. e3 Bb7 5. Be2 Be7 6. 0-0 0-0 7. a4 a5 8. Na3 Na6 9. h3 h6 10. c3 d6 11. Nc4 Bd5 12. Qc2 Qc8 13. Ncd2 Qb7 14. Rfd1 Rac8 15. Qd3 Nb8 16. b4 axb4 17. cxb4 Ne4 18. a5 Nd7 19. a6 Qa8 20. b5 Rfe8 21. Rdc1 Bf8 22. Nxe4 Bxe4 23. Qc4 Nf6 24. Ne1 e5 25. Bg3 d5 26. Qa2 exd4 27. exd4 Bd6 28. Bxd6 cxd6 29. Nd3 Rc4 30. Qb2 Rec8 31. Nb4 Kh7 32. f3 Bf5 33. Bxc4 dxc4 34. Nc6 d5 35. Ne7 Bd7 36. Nxc8 Qxc8 37. a7 Qa8 38. Qb4 Ne8 39. Re1 Be6 40. Qe7 c3 41. Rxe6 fxe6 42. Qxe6 c2 43. Qf5+ Kg8 44. Qxc2 Nd6 45. Qc6 1-0

[Event "Titled Tuesday intern op 05th Sep Early"]
[Site "Chess.com INT"]
[Date "2023.09.05"]
[Round "9"]
[White "Trifan, Andrei Ioan"]
[Black "Ansh, M Shah"]
[Result "1-0"]
[WhiteElo "2302"]
[BlackElo "2166"]
[PlyCount "119"]
[EventDate "2023.09.05"]
[EventType "swiss (blitz)"]
[EventRounds "11"]
[EventCountry "USA"]
[SourceTitle "EXT 2024"]
[Source "ChessBase"]
[SourceDate "2023.10.10"]
[SourceVersion "1"]
[SourceVersionDate "2023.10.10"]
[SourceQuality "1"]

1. e4 g6 2. d4 Bg7 3. Nc3 d6 4. f4 Nf6 5. Nf3 0-0 6. Bd3 Nc6 7. e5 dxe5 8. fxe5 Nd5 9. Nxd5 Qxd5 10. c4 Qd8 11. Be3 Bg4 12. Be4 e6 13. 0-0 Rb8 14. h3 Bxf3 15. Bxf3 Ne7 16. g4 c5 17. Qd2 cxd4 18. Qxd4 Nc6 19. Bxc6 bxc6 20. b3 a5 21. Rad1 Qc7 22. Bf4 a4 23. bxa4 Qa5 24. h4 Qxa4 25. h5 Qxa2 26. h6 Bh8 27. Bg5 Qe2 28. Rde1 Qb2 29. Qf4 c5 30. Be7 Qd4+ 31. Qxd4 cxd4 32. Bxf8 Kxf8 33. Rf4 Rd8 34. c5 Ke7 35. c6 Rc8 36. Rxd4 Rxc6 37. Kg2 Rc5 38. Red1 Bxe5 39. Rd7+ Kf6 40. Rf1+ Kg5 41. Rdxf7 Kxh6 42. Re7 Rc2+ 43. Kf3 Rc3+ 44. Ke4 Bg3 45. Rxe6 Kg5 46. Re7 Kxg4 47. Rxh7 g5 48. Rg7 Bf4 49. Rxf4+ Kh5 50. Rf5 Kh6 51. Rgxg5 Rc4+ 52. Kd3 Ra4 53. Rg1 Ra3+ 54. Kc2 Ra2+ 55. Kb3 Ra6 56. Rf2 Rb6+ 57. Kc4 Kh7 58. Rh2+ Rh6 59. Rxh6+ Kxh6 60. Kd5 1-0

[Event "Titled Tuesday intern op 05th Sep Early"]
[Site "Chess.com INT"]
[Date "2023.09.05"]
[Round "2"]
[White "Trifan, Andrei Ioan"]
[Black "Boros, Denes"]
[Result "0-1"]
[WhiteElo "2302"]
[BlackElo "2399"]
[PlyCount "72"]
[EventDate "2023.09.05"]
[EventType "swiss (blitz)"]
[EventRounds "11"]
[EventCountry "USA"]
[SourceTitle "EXT 2024"]
[Source "ChessBase"]
[SourceDate "2023.10.10"]
[SourceVersion "1"]
[SourceVersionDate "2023.10.10"]
[SourceQuality "1"]

1. e4 Nc6 2. Nf3 g6 3. d4 Bg7 4. Nc3 d6 5. h3 Nf6 6. Be3 a6 7. Qd2 0-0 8. Bd3 e5 9. d5 Nb4 10. Bh6 c6 11. Bxg7 Kxg7 12. dxc6 bxc6 13. 0-0-0 d5 14. Nxe5 d4 15. Ne2 Qa5 16. a3 Na2+ 17. Kb1 Qxe5 18. Kxa2 Be6+ 19. b3 a5 20. Qf4 Qc5 21. e5 Nd5 22. Qxd4 Qe7 23. Nf4 a4 24. Nxe6+ fxe6 25. b4 Rf4 26. Qb2 Rxf2 27. Be4 Qh4 28. Qd4 Qxe4 29. Qxe4 Nc3+ 30. Kb2 Nxe4 31. Rd4 Re2 32. h4 Rf8 33. h5 gxh5 34. Rxh5 Rff2 35. Rd7+ Kg6 36. Rhxh7 Rxc2+ 0-1

[Event "Titled Tuesday intern op 05th Sep Early"]
[Site "Chess.com INT"]
[Date "2023.09.05"]
[Round "7"]
[White "Trifan, Andrei Ioan"]
[Black "Kushko, Dmitriy"]
[Result "0-1"]
[WhiteElo "2302"]
[BlackElo "2426"]
[PlyCount "58"]
[EventDate "2023.09.05"]
[EventType "swiss (blitz)"]
[EventRounds "11"]
[EventCountry "USA"]
[SourceTitle "EXT 2024"]
[Source "ChessBase"]
[SourceDate "2023.10.10"]
[SourceVersion "1"]
[SourceVersionDate "2023.10.10"]
[SourceQuality "1"]

1. e4 g6 2. d4 Bg7 3. Nc3 d6 4. f4 Nf6 5. Nf3 c5 6. dxc5 Qa5 7. Bb5+ Bd7 8. Bxd7+ Nbxd7 9. cxd6 Nxe4 10. Bd2 Nxd6 11. Qe2 0-0 12. 0-0-0 Rfe8 13. Kb1 Rac8 14. Be1 Qb6 15. Na4 Qc6 16. b3 Ne4 17. Nd4 Bxd4 18. Rxd4 Ndf6 19. g4 b5 20. g5 bxa4 21. gxf6 exf6 22. Qd1 a3 23. Bb4 Nc3+ 24. Bxc3 Qxc3 25. Qc1 Qxd4 26. Qxa3 Qe4 27. Rc1 Re6 28. h4 Rec6 29. h5 Rxc2 0-1

[Event "Titled Tuesday intern op 29th Aug Late"]
[Site "Chess.com INT"]
[Date "2023.08.29"]
[Round "7"]
[White "Hernando Rodrigo, Julio Antonio"]
[Black "Trifan, Andrei Ioan"]
[Result "0-1"]
[WhiteElo "2238"]
[BlackElo "2300"]
[PlyCount "168"]
[EventDate "2023.08.29"]
[EventType "swiss (blitz)"]
[EventRounds "11"]
[EventCountry "USA"]
[SourceTitle "EXT 2024"]
[Source "ChessBase"]
[SourceDate "2023.10.10"]
[SourceVersion "1"]
[SourceVersionDate "2023.10.10"]
[SourceQuality "1"]

1. d4 Nf6 2. c4 e6 3. Nf3 b6 4. a3 Bb7 5. Nc3 d5 6. cxd5 Nxd5 7. Qc2 Be7 8. e4 Nxc3 9. bxc3 0-0 10. Bd3 c5 11. 0-0 cxd4 12. cxd4 Nc6 13. Bb2 Rc8 14. Qe2 Na5 15. Rad1 Qc7 16. h4 Qf4 17. g3 Qg4 18. Qe3 f5 19. Ne5 Qh3 20. d5 Bc5 21. Bd4 Bxd4 22. Qxd4 f4 23. gxf4 Rxf4 24. Qe3 Qxh4 25. Qg3 Qf6 26. Ng4 Qg5 27. Ne3 Qxg3+ 28. fxg3 Rxf1+ 29. Bxf1 exd5 30. exd5 Rd8 31. Bh3 Bc8 32. Bxc8 Rxc8 33. Nf5 Rd8 34. Kf2 Kf7 35. Kf3 g6 36. Ne3 Nb7 37. Kf4 Nd6 38. Ke5 Ke7 39. g4 h5 40. Rh1 Rh8 41. g5 h4 42. Rh3 Rh5 43. Kf4 Nf7 44. Ng4 Rxg5 45. Rxh4 Rxd5 46. Rh7 Rh5 47. Rg7 Rf5+ 48. Kg3 Rg5 49. Kf4 Ra5 50. Nh6 Ke6 51. Rxf7 Rxa3 52. Rb7 Kd5 53. Ng4 Kc6 54. Rg7 b5 55. Rxg6+ Kc5 56. Ne5 b4 57. Nd7+ Kd5 58. Rg5+ Kc4 59. Rc5+ Kd4 60. Rb5 a5 61. Ne5 b3 62. Nc6+ Kc4 63. Rxa5 Ra2 64. Ke3 b2 65. Rxa2 b1Q 66. Re2 Qb6+ 67. Kd2 Qxc6 68. Re3 Qh6 69. Ke2 Kd4 70. Rd3+ Ke4 71. Ra3 Qh2+ 72. Kf1 Qh1+ 73. Kf2 Qh4+ 74. Kf1 Qd8 75. Rh3 Qd1+ 76. Kg2 Qc2+ 77. Kf1 Kf5 78. Rg3 Kf4 79. Rh3 Qd1+ 80. Kg2 Qe2+ 81. Kg1 Kg4 82. Ra3 Qd1+ 83. Kf2 Qd2+ 84. Kg1 Qc1+ 0-1

[Event "Titled Tuesday intern op 29th Aug Late"]
[Site "Chess.com INT"]
[Date "2023.08.29"]
[Round "11"]
[White "Nilsen, Tobias Lang"]
[Black "Trifan, Andrei Ioan"]
[Result "0-1"]
[WhiteElo "2219"]
[BlackElo "2300"]
[PlyCount "120"]
[EventDate "2023.08.29"]
[EventType "swiss (blitz)"]
[EventRounds "11"]
[EventCountry "USA"]
[SourceTitle "EXT 2024"]
[Source "ChessBase"]
[SourceDate "2023.10.10"]
[SourceVersion "1"]
[SourceVersionDate "2023.10.10"]
[SourceQuality "1"]

1. e4 e5 2. Nf3 Nc6 3. Bc4 Bc5 4. c3 Nf6 5. d3 d6 6. 0-0 a6 7. a4 Ba7 8. Re1 h6 9. Nbd2 g5 10. d4 Bg4 11. Qb3 Na5 12. Qb4 c5 13. Qa3 Bxf3 14. Nxf3 Nxc4 15. Qb3 Na5 16. Qd1 cxd4 17. cxd4 Nc6 18. Qb3 Rb8 19. dxe5 Nxe5 20. Nxe5 dxe5 21. Rd1 Qb6 22. Qf3 0-0 23. Be3 Qc6 24. Bxa7 Ra8 25. Be3 Kg7 26. Rac1 Qxe4 27. Qxe4 Nxe4 28. Rd7 Rac8 29. Rxc8 Rxc8 30. Rxb7 Rc2 31. f3 Nd6 32. Ra7 Nc4 33. Bc5 Nxb2 34. Bd6 Nd3 35. h4 gxh4 36. Rxa6 f6 37. a5 Nf4 38. Ra7+ Kg6 39. a6 Rxg2+ 40. Kh1 Ra2 41. Bc5 Nh5 42. Kg1 h3 43. Bf2 h2+ 44. Kxh2 Rxf2+ 45. Kh3 Rxf3+ 46. Kg2 Ra3 47. Ra8 Nf4+ 48. Kf2 Kf5 49. a7 h5 50. Kg1 h4 51. Kh2 h3 52. Kh1 Ke4 53. Kh2 Kf3 54. Kh1 Ra2 55. Kg1 h2+ 56. Kh1 Nh5 57. Rg8 Rxa7 58. Kxh2 Ra2+ 59. Kh3 Nf4+ 60. Kh4 Rh2# 0-1

[Event "Speed Chess Q2 Sw"]
[Site "Chess.com INT"]
[Date "2023.08.23"]
[Round "10"]
[White "Cieslak, Patryk"]
[Black "Trifan, Andrei Ioan"]
[Result "1-0"]
[WhiteElo "2270"]
[BlackElo "2300"]
[PlyCount "79"]
[EventDate "2023.08.23"]
[EventType "swiss (blitz)"]
[EventRounds "14"]
[EventCountry "USA"]
[SourceTitle "CBM 215 Extra"]
[Source "ChessBase"]
[SourceDate "2023.09.30"]
[SourceVersion "1"]
[SourceVersionDate "2023.09.30"]
[SourceQuality "1"]

1. Nf3 Nf6 2. c4 e6 3. Nc3 d5 4. e3 Be7 5. b3 0-0 6. Bb2 b6 7. Qc2 Bb7 8. cxd5 Nxd5 9. Nxd5 Bxd5 10. Bd3 h6 11. h4 Nd7 12. Ng5 Nc5 13. Bh7+ Kh8 14. d4 Na6 15. Bg8 f5 16. Bxe6 Bxg5 17. Bxd5 Nb4 18. Qe2 Qxd5 19. hxg5 Qxg2 20. 0-0-0 Qc6+ 21. Kd2 Qc2+ 22. Ke1 Qc6 23. Kd2 f4 24. e4 f3 25. Qc4 Qd6 26. d5 Qf4+ 27. Kc3 a5 28. gxh6 Kg8 29. hxg7 Qe5+ 30. Qd4 Qxd4+ 31. Kxd4 Kxg7 32. Kc4+ Kf7 33. a3 Na6 34. Rh7+ Ke8 35. Rg1 Kd8 36. Rgg7 Kc8 37. Be5 Ra7 38. d6 b5+ 39. Kxb5 c6+ 40. Kc4 1-0

[Event "Speed Chess Q2 Sw"]
[Site "Chess.com INT"]
[Date "2023.08.23"]
[Round "6"]
[White "Garcia Correa, Jose Ricardo"]
[Black "Trifan, Andrei Ioan"]
[Result "1-0"]
[WhiteElo "2103"]
[BlackElo "2300"]
[PlyCount "145"]
[EventDate "2023.08.23"]
[EventType "swiss (blitz)"]
[EventRounds "14"]
[EventCountry "USA"]
[SourceTitle "CBM 215 Extra"]
[Source "ChessBase"]
[SourceDate "2023.09.30"]
[SourceVersion "1"]
[SourceVersionDate "2023.09.30"]
[SourceQuality "1"]

1. e4 e5 2. Nf3 Nc6 3. Bb5 a6 4. Ba4 Nf6 5. 0-0 Be7 6. Re1 b5 7. Bb3 d6 8. h3 0-0 9. c3 Nb8 10. d4 Nbd7 11. a4 Bb7 12. Nbd2 c5 13. Bc2 Re8 14. Bd3 Qb6 15. a5 Qc7 16. d5 c4 17. Bc2 Bf8 18. g4 Nc5 19. Nf1 g6 20. Ng3 Bg7 21. Be3 Nfd7 22. h4 Bc8 23. Nh2 Nb7 24. f4 exf4 25. Bxf4 Nxa5 26. Rf1 Nc5 27. Qf3 Nab3 28. Bxd6 Qa7 29. Kh1 Nd3 30. Bxb3 Be5 31. Ba3 Bb8 32. Bc2 Ne5 33. Qe2 Qd7 34. Nf5 gxf5 35. gxf5 f6 36. Rg1+ Kh8 37. Rg3 Nf7 38. Rg2 Bxh2 39. Kxh2 Bb7 40. Rag1 Ne5 41. Bc5 Rg8 42. Bd4 Qd6 43. Kh1 Rae8 44. Qh5 Bc8 45. Bxe5 Qxe5 46. Rxg8+ Rxg8 47. Rxg8+ Kxg8 48. Qg4+ Kf8 49. Kg2 Qe7 50. Qg3 Qe5 51. Qxe5 fxe5 52. Kg3 Ke7 53. Kg4 Kf6 54. Kh5 Kg7 55. Kg5 h6+ 56. Kh5 Bd7 57. f6+ Kh7 58. d6 a5 59. f7 Kg7 60. f8Q+ Kxf8 61. Kxh6 Kf7 62. Kg5 Ke6 63. Bd1 Kxd6 64. h5 Ke7 65. Kg6 Be8+ 66. Kg7 Bxh5 67. Bxh5 b4 68. Bd1 Kd6 69. Kf6 Kc5 70. Kxe5 a4 71. Bxa4 bxc3 72. bxc3 Kb6 73. Kd4 1-0

[Event "Speed Chess Q2 Sw"]
[Site "Chess.com INT"]
[Date "2023.08.23"]
[Round "5"]
[White "Trifan, Andrei Ioan"]
[Black "Dragnev, Valentin"]
[Result "0-1"]
[WhiteElo "2300"]
[BlackElo "2576"]
[PlyCount "60"]
[EventDate "2023.08.23"]
[EventType "swiss (blitz)"]
[EventRounds "14"]
[EventCountry "USA"]
[SourceTitle "CBM 215 Extra"]
[Source "ChessBase"]
[SourceDate "2023.09.30"]
[SourceVersion "1"]
[SourceVersionDate "2023.09.30"]
[SourceQuality "1"]

1. Nf3 Nf6 2. b3 d5 3. Bb2 Bg4 4. e3 e6 5. Be2 Be7 6. 0-0 0-0 7. d4 Nbd7 8. Nbd2 c5 9. c4 cxd4 10. Nxd4 Bxe2 11. Qxe2 Nb6 12. Rfd1 dxc4 13. Nxc4 Nxc4 14. Qxc4 Rc8 15. Qe2 Qa5 16. h3 a6 17. a3 Rfd8 18. b4 Qa4 19. Rac1 Rxc1 20. Rxc1 Qd7 21. Qc4 Ne4 22. Qc7 Nd6 23. Nf3 f6 24. Nd4 Kf7 25. Nb3 Ne4 26. f3 Qd3 27. Bd4 Nd6 28. Nc5 Qxa3 29. Nxb7 Nxb7 30. Qxb7 Qxc1+ 0-1

[Event "Titled Tuesday intern op 22nd Aug Early"]
[Site "Chess.com INT"]
[Date "2023.08.22"]
[Round "2"]
[White "Bachmann, Axel"]
[Black "Trifan, Andrei Ioan"]
[Result "1-0"]
[WhiteElo "2611"]
[BlackElo "2300"]
[PlyCount "99"]
[EventDate "2023.08.22"]
[EventType "swiss (blitz)"]
[EventRounds "11"]
[EventCountry "USA"]
[SourceTitle "EXT 2024"]
[Source "ChessBase"]
[SourceDate "2023.10.10"]
[SourceVersion "1"]
[SourceVersionDate "2023.10.10"]
[SourceQuality "1"]

1. e4 g6 2. d4 Bg7 3. Nf3 c6 4. Bd3 d5 5. e5 h5 6. h3 Nh6 7. 0-0 Bf5 8. Bxh6 Bxh6 9. Bxf5 gxf5 10. e6 f6 11. Nh4 Qd6 12. Qxh5+ Kd8 13. Nxf5 Qh2+ 14. Kxh2 Bf4+ 15. g3 Rxh5 16. Ng7 Rg5 17. gxf4 Rxg7 18. Nd2 Kc7 19. Rg1 Rxg1 20. Rxg1 Na6 21. f5 Kd6 22. Nf3 Nb4 23. c3 Nd3 24. Rg7 Nxf2 25. Nh4 Nd1 26. Ng6 Re8 27. Kg3 Nxb2 28. h4 Nd1 29. h5 Nxc3 30. h6 Ne4+ 31. Kf4 Ng5 32. h7 Nxh7 33. Rxh7 b5 34. a3 a5 35. Ke3 b4 36. axb4 axb4 37. Kd3 b3 38. Kc3 Rb8 39. Rxe7 c5 40. dxc5+ Kxc5 41. Kb2 d4 42. Rd7 Kc4 43. e7 Ra8 44. Rd8 Ra2+ 45. Kb1 Kc3 46. e8Q Rb2+ 47. Kc1 Rc2+ 48. Kd1 Rd2+ 49. Ke1 b2 50. Rc8+ 1-0

[Event "Titled Tuesday intern op 22nd Aug Late"]
[Site "Chess.com INT"]
[Date "2023.08.22"]
[Round "11"]
[White "Trifan, Andrei Ioan"]
[Black "Leiva Rodriguez, Jeammarco Giuseppe"]
[Result "0-1"]
[WhiteElo "2300"]
[BlackElo "2380"]
[PlyCount "162"]
[EventDate "2023.08.22"]
[EventType "swiss (blitz)"]
[EventRounds "11"]
[EventCountry "USA"]
[SourceTitle "EXT 2024"]
[Source "ChessBase"]
[SourceDate "2023.10.10"]
[SourceVersion "1"]
[SourceVersionDate "2023.10.10"]
[SourceQuality "1"]

1. Nf3 d5 2. b3 Bg4 3. Bb2 c6 4. e3 Nd7 5. Be2 e6 6. 0-0 Ngf6 7. d4 Bd6 8. Nbd2 Qb8 9. h3 Bf5 10. Nh4 Be4 11. Nhf3 h6 12. c4 Bh7 13. Re1 0-0 14. a3 b5 15. c5 Bc7 16. b4 a5 17. Bc3 a4 18. Qc1 Ne4 19. Nxe4 dxe4 20. Nd2 f5 21. f3 Nf6 22. fxe4 fxe4 23. Bb2 Qe8 24. Qd1 Qg6 25. Nf1 Nd5 26. Bh5 Qg5 27. Qg4 Qe7 28. Bg6 Bxg6 29. Qxg6 Rf5 30. Nd2 Nf6 31. d5 cxd5 32. Rf1 Qf7 33. Qxf7+ Kxf7 34. g4 Rxf1+ 35. Rxf1 Ke7 36. Kg2 Nd7 37. Bxg7 h5 38. gxh5 Rg8 39. h6 Be5 40. Kh1 Bxg7 41. Rg1 Kf7 42. c6 Nb6 43. Rxg7+ Rxg7 44. hxg7 Kxg7 45. h4 Kg6 46. Kg2 Kf5 47. Kh3 e5 48. h5 Kg5 49. Nf1 Kxh5 50. Ng3+ Kg5 51. Ne2 Kf5 52. Kh4 Ke6 53. Kg5 Kd6 54. Kf6 Nc4 55. c7 Kxc7 56. Ke6 Kc6 57. Nc3 Nxe3 58. Kxe5 Nc4+ 59. Kd4 Nb6 60. Ke5 Nc4+ 61. Kd4 e3 62. Ne2 Kd6 63. Nc3 Kc6 64. Ne2 Nxa3 65. Kxe3 Nc2+ 66. Kd3 Nxb4+ 67. Kc3 Kc5 68. Nf4 Nc6 69. Nd3+ Kd6 70. Nc1 b4+ 71. Kd3 Kc5 72. Kc2 d4 73. Nd3+ Kc4 74. Nb2+ Kb5 75. Nd3 b3+ 76. Kb1 Kc4 77. Nc1 a3 78. Ne2 Nb4 79. Nf4 a2+ 80. Kb2 Nc2 81. Kc1 a1Q+ 0-1

[Event "Titled Tuesday intern op 22nd Aug Late"]
[Site "Chess.com INT"]
[Date "2023.08.22"]
[Round "5"]
[White "Trifan, Andrei Ioan"]
[Black "Mazibuko, Khanya"]
[Result "1-0"]
[WhiteElo "2300"]
[BlackElo "1895"]
[PlyCount "89"]
[EventDate "2023.08.22"]
[EventType "swiss (blitz)"]
[EventRounds "11"]
[EventCountry "USA"]
[SourceTitle "EXT 2024"]
[Source "ChessBase"]
[SourceDate "2023.10.10"]
[SourceVersion "1"]
[SourceVersionDate "2023.10.10"]
[SourceQuality "1"]

1. Nf3 Nf6 2. b3 g6 3. Bb2 Bg7 4. e3 0-0 5. Be2 c5 6. 0-0 d5 7. d4 Ne4 8. Nbd2 Nc6 9. c4 Bf5 10. cxd5 Qxd5 11. Rc1 Nxd2 12. Qxd2 cxd4 13. Nxd4 Nxd4 14. exd4 Rfd8 15. Bf3 Qd7 16. Rfd1 Rac8 17. h3 b6 18. d5 Bxb2 19. Qxb2 Qd6 20. Rc6 Qf4 21. Qc1 Qxc1 22. Rdxc1 Kh8 23. g4 Bd7 24. Rc7 Kg7 25. Kg2 Rxc7 26. Rxc7 a5 27. a4 b5 28. axb5 Bxb5 29. Rxe7 Rb8 30. d6 Kf6 31. Bd5 Be8 32. f4 h6 33. h4 g5 34. hxg5+ hxg5 35. fxg5+ Kxg5 36. d7 Bxd7 37. Rxd7 Rb5 38. Bc4 Rc5 39. Rd5+ Rxd5 40. Bxd5 f6 41. Be6 Kf4 42. Kf2 Ke4 43. Kg3 Kd4 44. Kf4 Kc3 45. Kf5 1-0